000 01105nam a22002537a 4500
003 NALT
005 20251125232956.0
008 s2548 th tha d
020 _a9749328817
040 _aNALT
041 _atha
050 _aHF 5549.5.J63
_bค942ค 2548
100 1 _aแคร์โรลล์, ไมเคิล.
_957048
245 1 0 _aคติเตือนใจสู่การเป็น "ผู้ตื่น" ในการทำงาน /
_cไมเคิล แคร์โรลล์ ; พัชรี เกรแฮม แปล.
260 _aกรุงเทพฯ :
_bเอ.อาร์. อินฟอร์เมชัน,
_c2548
300 _a278 หน้า ;
_c21 ซม.
650 0 4 _aการจูงใจ (จิตวิทยา)
650 0 4 _aความพอใจในการทำงาน
700 0 _aพัชรี เกรแฮม
_946098
850 _aNALT
856 4 0 _uhttps://hdl.handle.net/20.500.14156/462430
942 _cGB
_2lcc
999 _c46604
_d46604
998 _j109
_k อารีรัตน์ วิชาช่าง